000 01202nam0a2200325 4500
001 RU\NLR\bibl\1454657
005 20250615232824.0
010 _a978-5-389-00519-8
_915000
021 _aRU
_b2009-87620
_95514
035 _a(nilc)EL/0000306557
035 _a(NLR Aleph) 001446465
090 _a1495743
_c1495743
100 _a20091201d2009 |||y0rusy50 ca
101 1 _arus
_ceng
102 _aRU
105 _aa |||||||||
200 1 _aЭкология
_e[для младшего школьного возраста
_fРоберт Коуп
_gпер. с англ.: А.В. Тихонов]
210 _aМосква
_cМахаон
_d2009
215 _a31 с.
_cцв. ил.
_d23
225 1 _aЯ люблю читать!
_iуровень 4
_iХорошо читаю
_e(8-9 лет)
300 _aАвт. указан в вып.дан.
606 1 _aЭкология
_9939347
_3RU\NLR\auth\6628592
686 _a28.081
_vLBC/RL
_2rubbk
700 1 _aКоуп
_bР.
_gРоберт
_4070
801 0 _aRU
_bВладимирская ОУНБ
_c20091201
_grcr
801 1 _aRU
_bВладимирская ОУНБ
_c20091201
_2rusmarc
801 2 _aRU
_bNLR
_c20091218
_grcr
942 _cBOOK
980 _aNB